Programa d'actes del Centenari : Institut del Teatre : 4 de febrer de 2013 - 7 de febrer de 2014 Institut del Teatre :
Publicado:
Barcelona :
Diputació de Barcelona. Àrea de Coneixement i Noves Tecnologies. Gerència de Serveis de Cultura ,
2013
Descripción Física:
1 f. plegat en diverses parts : il. ; 29 x 62 plegat 15 x 21 cm
MARC
| LEADER | 00000nam a2200000Ia 4500 | ||
|---|---|---|---|
| 001 | 24041 | ||
| 008 | 160829s2013 xx 000 0 cat d | ||
| 080 | |a FU-64-12 | ||
| 245 | |a Programa d'actes del Centenari : |b Institut del Teatre : |b 4 de febrer de 2013 - 7 de febrer de 2014 | ||
| 260 | |a Barcelona : |b Diputació de Barcelona. Àrea de Coneixement i Noves Tecnologies. Gerència de Serveis de Cultura, |c 2013 | ||
| 300 | |a 1 f. plegat en diverses parts : |b il. ; |c 29 x 62 plegat 15 x 21 cm | ||
| 650 | 0 | |a Institut del Teatre |x Activitats culturals |9 50321 | |
| 710 | 1 | |a Barcelona (Catalunya : Província). |b Gerència de Serveis de Cultura |9 53566 | |
| 856 | |u www.institutdelteatre.cat | ||
| 901 | |a Arxiu | ||
| 942 | |n 1 | ||
| 952 | |0 0 |1 0 |4 0 |6 FU6412 |7 1 |9 55957 |a Arxiu |b Arxiu |d 2016-12-01 |l 0 |o FU-64-12 |p 24041 |r 2016-12-01 00:00:00 |w 2016-12-01 |y ARXIU | ||
| 999 | |c 59830 |d 59830 | ||